Music Quiz

Random Music or Lyrics Quiz

The Rainbow Connection Lyrics Quiz Stats

 Plays Quiz Updated Sep 7, 2012

Challenge
Share
Tweet
Embed
Score 0/191 Timer 05:00
5 Plays Today
% Correct
the
98.1%
the
98.1%
the
98%
the
98%
the
98%
the
98%
the
98%
the
98%
the
98%
the
98%
The
98%
the
98%
the
98%
the
98%
the
98%
rainbow
96.7%
rainbow
96.7%
rainbow
96.7%
I
94.6%
and
93%
and
93%
and
93%
and
93%
and
93%
and
93%
and
93%
and
93%
and
93%
and
93%
and
93%
and
92.9%
and
92.9%
connection,
91.6%
connection,
91.6%
connection,
91.6%
me.
90.5%
me.
90.5%
me.
90.5%
so
87.7%
So
87.7%
so
87.7%
so
87.7%
it.
85.5%
it,
85.5%
it,
85.5%
it,
85.5%
it
85.5%
it.
85.5%
it,
85.5%
we
85.3%
we
85.3%
We
85.3%
it
85.1%
are
83.9%
are
83.9%
on
82%
on
82%
Why
81.1%
there
81%
many
78.2%
what
78.2%
what
78.2%
many
78.2%
to
77.7%
% Correct
to
77.7%
to
77.7%
to
77.7%
dreamers,
77.2%
dreamers,
77.2%
dreamers,
77.2%
lovers,
77%
lovers,
77%
lovers,
77%
some
76.1%
be
74.9%
be
74.9%
be?
74.9%
you
73.5%
you
73.5%
about
72.8%
rainbows
72.3%
Rainbows
72.3%
rainbows
72.3%
songs
71.6%
find
71.2%
find
71.2%
find
71.2%
we'll
68.3%
we'll
68.3%
we'll
68.3%
other
68.1%
have
68.1%
Have
68.1%
have
68.1%
side?
67.5%
what's
66.6%
What's
66.6%
Someday
64.7%
Someday
64.7%
Someday
64.7%
of
61.8%
of
61.8%
that
61.6%
that
61.6%
that
61.6%
that
61.6%
that
61.6%
that
61.6%
see.
59.9%
see?
59.9%
know
58%
know
58%
but
58%
do
57.1%
nothing
56.8%
only
56.7%
us
56.5%
us
56.5%
Is
56.3%
Is
56.1%
hide.
55.7%
illusions
54.9%
it's
53.1%
its
53.1%
it's
53.1%
All
52%
visions,
51.9%
been
51.6%
% Correct
been
51.6%
believe
51.3%
when
47.6%
my
47.1%
too
46.3%
heard
44.4%
heard
44.4%
heard
44.4%
heard
44.4%
Who
44.3%
choose
44.2%
wait
44%
one
43.3%
they're
43%
them
42.7%
I've
42.6%
I've
42.6%
we've
41.4%
told
41%
under
40.5%
times
40.4%
star?
38.8%
think
38.6%
magic.
38.3%
wrong,
37.9%
would
36.9%
this
36.7%
wish
36.5%
might
36.3%
might
36.3%
spell.
36.3%
asleep,
35.4%
voice
35.1%
name.
34.9%
half
34.8%
amazing
34.6%
probably
34.3%
ignore
34.3%
voices?
34.2%
calling
34.1%
every
33.3%
keeps
32.7%
said
32.6%
stargazing,
31.9%
I'm
31.3%
same.
30.7%
look
30.6%
morning
30%
thought
29.2%
someone
28.7%
Somebody
28.6%
done
28.1%
far.
28%
believed
27.4%
wished
27.3%
young
27.2%
answered
26.9%
sweet
25.8%
sound
25.2%
sailors?
25.2%
calls
24.7%
something
24.4%
supposed
24.1%

You're not logged in!

Compare scores with friends on all Sporcle quizzes.
Join for Free
OR
Log In

You Might Also Like...

Show Comments

Extras

Top Quizzes Today


Score Distribution

Your Account Isn't Verified!

In order to create a playlist on Sporcle, you need to verify the email address you used during registration. Go to your Sporcle Settings to finish the process.

Report this User

Report this user for behavior that violates our Community Guidelines.

Details: